000 00701nam a2200265Ia 4500
008 160803s9999 xx 000 0 und d
020 _a9780590622189
100 _aDiSalvo-Ryan, DyAnne
245 _aCity green /
245 _cDyAnne DiSalvo-Ryan.
260 _aNew York :
260 _bScholastic Inc.
260 _c1994
300 _a32 unnumbered pages :
300 _bcolor illustrations ;
300 _c26 cm
500 _aOriginally published: New York : Morrow Junior Books, ©1994.
650 _aCity and town life --
650 _aCommunity gardens --
650 _aGardens --
650 _xFiction.
650 _xFiction.
650 _xFiction.
700 _a480
999 _c299641
_d299641